NWA | WCW | WWE U.S. Champions Quiz - Statistics

General Stats
  • This quiz has been taken 351 times
    233 since last reset
  • The average score is 61 of 104
Answer Stats
Days LYW Reigns Wrestler % Correct
403 2015 5 John Cena
92%
131 2023 3 Rey Mysterio
88%
147 2003 1 Big Show
87%
773 1996 5 Ric Flair
87%
85 2017 2 Chris Jericho
86%
75 2022 2 Seth Rollins
86%
35 1999 1 David Flair
85%
28 2018 1 Randy Orton
85%
321 2010 2 The Miz
85%
106 2016 1 Roman Reigns
84%
351 2013 1 Dean Ambrose
82%
186 2010 5 Bret Hart
81%
357 2006 5 Chris Benoit
81%
6 2001 1 Edge
81%
96 2017 3 Kevin Owens
81%
225 2019 3 A.J. Styles
80%
271 2006 4 Booker T
80%
161 2003 2 Eddie Guerrero
80%
84 2008 1 Matt Hardy
79%
90 2018 1 Jeff Hardy
78%
158 2019 2 Shinsuke Nakamura
78%
51 2006 1 JBL
77%
163 2025 2 LA Knight
77%
362 2021 3 Sheamus
77%
257 1993 2 Dustin Rhodes
76%
54 2018 1 Bobby Roode
75%
141 1987 1 Dusty Rhodes
75%
1 2025 1 Jacob Fatu
75%
378 1991 1 Rick Rude
75%
324 2022 3 Bobby Lashley
73%
209 2013 3 Kofi Kingston
73%
21 2001 1 Kurt Angle
71%
312 2018 3 Rusev
71%
191 2017 2 Dolph Ziggler
70%
66 1999 2 Scott Hall
70%
234 1995 2 Sting
70%
49 2022 1 Finn Balor
69%
273 2023 1 Logan Paul
69%
240 1994 2 Steve Austin
69%
78 1999 2 Goldberg
68%
950 1998 5 Lex Luger
68%
90 2016 2 Alberto Del Rio
67%
191 2010 1 Daniel Bryan
66%
419 2009 2 MVP
66%
333 2022 2 Austin Theory
64%
265 1994 4 Ricky Steamboat
63%
147 1998 2 Diamond Dallas Page
62%
8 2018 1 Jinder Mahal
62%
56 2019 2 R-Truth
62%
240 2008 1 Shelton Benjamin
62%
42 2004 1 Carlito
61%
183 1975 1 Harley Race
59%
41 2001 1 Rick Steiner
59%
169 2000 2 Scott Steiner
59%
184 2000 3 Jeff Jarrett
58%
21 2019 1 Ricochet
58%
239 2012 1 Antonio Cesaro
57%
173 2005 1 Orlando Jordan
57%
49 2012 1 Jack Swagger
56%
120 2016 2 Kalisto
56%
42 2006 1 Mr. Kennedy
56%
49 2006 1 Finlay
55%
191 2021 1 Damian Priest
53%
61 2000 2 General Rection
53%
95 2019 2 Samoa Joe
53%
29 2011 1 Zack Ryder
53%
85 1997 1 Dean Malenko
51%
220 1999 3 Roddy Piper
51%
88 1994 1 Vader
50%
97 2020 1 Apollo Crews
48%
70 2017 1 Baron Corbin
48%
118 2000 3 Lance Storm
48%
509 1978 3 Blackjack Mulligan
47%
302 1985 2 Magnum T.A.
47%
167 2012 1 Santino Marella
47%
42 1999 1 Sid Vicious
47%
104 1997 1 Curt Hennig
45%
100 1994 1 Jim Duggan
45%
49 2021 1 Matt Riddle
43%
1 1998 1 Raven
43%
151 2019 1 Andrade
42%
512 1983 2 Greg Valentine
42%
48 2001 1 Chris Kanyon
41%
29 2001 1 Rhyno
41%
130 1985 1 Tully Blanchard
41%
21 1978 1 Mr. Wrestling
40%
283 1988 1 Barry Windham
39%
93 1975 1 Johnny Valentine
39%
305 1982 2 Sgt. Slaughter
38%
13 2001 1 Tajiri
38%
160 1996 1 Konnan
36%
19 2000 2 Terry Funk
36%
15 1989 1 Michael Hayes
34%
22 2001 1 Shane Douglas
34%
231 1979 1 Jimmy Snuka
31%
25 1997 1 Steve McMichael
31%
296 1984 5 Wahoo McDaniel
31%
328 1986 1 Nikita Koloff
30%
156 1976 2 Paul Jones
28%
33 1995 1 One Man Gang
25%
50 1990 1 Stan Hansen
25%
22 1977 1 Bobo Brazil
24%
129 1983 1 Dick Slater
22%
44 1995 1 Kensuke Sasaki
14%
No matching quizzes found
Score Distribution
Percent of People with Each Score
Percentile by Number Answered
Your Score History
You have not taken this quiz since the last reset